Deviance and control / (Record no. 33871)
[ view plain ]
| 000 -LEADER | |
|---|---|
| fixed length control field | 00986cam a2200313 a 4500 |
| 001 - CONTROL NUMBER | |
| control field | 33871 |
| 003 - CONTROL NUMBER IDENTIFIER | |
| rucl marc code | BD-RjUL |
| 005 - DATE AND TIME OF LATEST TRANSACTION | |
| control field | 20211209052054.0 |
| 008 - FIXED-LENGTH DATA ELEMENTS--GENERAL INFORMATION | |
| fixed length control field | 140511t1966 nju 001 0 eng d |
| 035 ## - SYSTEM CONTROL NUMBER | |
| System control number | (BD-RjUL)33963 |
| 040 ## - CATALOGING SOURCE | |
| Original cataloging agency | DLC |
| Transcribing agency | DLC |
| Modifying agency | ONE |
| -- | m.c |
| -- | BD-RjUL |
| Language of cataloging | eng |
| 041 ## - LANGUAGE CODE | |
| Language code of text/sound track or separate title | eng |
| 060 #0 - NATIONAL LIBRARY OF MEDICINE CALL NUMBER | |
| Classification number | HM 291 C678d 1966 |
| 082 04 - DEWEY DECIMAL CLASSIFICATION NUMBER | |
| Classification number | 301.1 |
| Author mark and year | COD 1966 |
| 100 1# - MAIN ENTRY--PERSONAL NAME | |
| Personal name | Cohen, Albert Kircidel. |
| 9 (RLIN) | 102892 |
| 245 10 - TITLE STATEMENT | |
| Title | Deviance and control / |
| Statement of responsibility, etc. | Albert K. Cohen |
| 260 ## - PUBLICATION, DISTRIBUTION, ETC. (IMPRINT) | |
| Place of publication, distribution, etc. | Englewood Cliffs : |
| Name of publisher, distributor, etc. | Prentice-Hall, |
| Date of publication, distribution, etc. | c1966 |
| 300 ## - PHYSICAL DESCRIPTION | |
| Pagination | viii, 120 p. ; |
| Size | 23 cm |
| 490 1# - SERIES STATEMENT | |
| Series statement | Prentice-Hall foundations of modern sociology series |
| 504 ## - BIBLIOGRAPHY, ETC. NOTE | |
| Bibliography, etc | Includes bibliographical reference and index. |
| 650 #0 - SUBJECT ADDED ENTRY--TOPICAL TERM | |
| Topical term or geographic name as entry element | Deviant behavior |
| 9 (RLIN) | 769 |
| Topical term or geographic name as entry element | Social control |
| 9 (RLIN) | 18610 |
| Topical term or geographic name as entry element | Social adjustment |
| 9 (RLIN) | 102893 |
| Topical term or geographic name as entry element | Social Conformity |
| 9 (RLIN) | 102894 |
| 830 10 - SERIES ADDED ENTRY--UNIFORM TITLE | |
| Uniform title | Prentice-Hall foundations of modern sociology series |
| 942 ## - ADDED ENTRY ELEMENTS (KOHA) | |
| Source of classification or shelving scheme | Dewey Decimal Classification |
| Koha item type | Books |
| Lost status | Source of classification or shelving scheme | Damaged status | Not for loan | Collection code | Permanent Location | Current Location | Shelving location | Date acquired | Source of acquisition | Cost, normal purchase price | Total Checkouts | Full call number | Date last seen | Copy number | Koha item type |
|---|---|---|---|---|---|---|---|---|---|---|---|---|---|---|---|
| Dewey Decimal Classification | Non-fiction | Central Library, University of Rajshahi | Central Library, University of Rajshahi | 09/08/2009 | R.U.C.L. | 0.00 | 301.1 COD 1966 | 11/05/2014 | C-3 | Books | |||||
| Dewey Decimal Classification | Non-fiction | Central Library, University of Rajshahi | Central Library, University of Rajshahi | 16/05/1955 | Pak. Co. Bk. Society | 21.00 | 301.1 COD 1966 | 12/05/2014 | C-2 | Books | |||||
| Dewey Decimal Classification | Not For Loan | Non-fiction | Central Library, University of Rajshahi | Central Library, University of Rajshahi | Reading Room | 07/08/1973 | Paramount Book. | 1.95 | 301.1 COD 1966 | 12/05/2014 | C-1 | Books |